Beyond Binaries: (Record no. 216521)

MARC details
000 -LEADER
fixed length control field 00576nam a22001815a 4500
005 - DATE AND TIME OF LATEST TRANSACTION
control field 20260605112032.0
010 ## - LCCN (DPL NO)
LC control number ENG-148761
020 ## - INTERNATIONAL STANDARD BOOK NUMBER
International Standard Book Number 9789391659561
Terms of availability 450.00
035 ## - SYSTEM CONTROL NUMBER
System control number EN-132293
037 ## - SOURCE OF ACQUISITION
Source of stock number/acquisition DBAD
082 ## - DEWEY DECIMAL CLASSIFICATION NUMBER
Classification number 327.54051
Edition number 1
100 ## - MAIN ENTRY--PERSONAL NAME
Personal name Ramachandran
245 ## - TITLE STATEMENT
Title Beyond Binaries:
Remainder of title The World of India and China/
Statement of responsibility, etc Ramachandran
260 ## - PUBLICATION, DISTRIBUTION, ETC. (IMPRINT)
Place of publication, distribution, etc New Delhi
Name of publisher, distributor, etc Institute of Objective Studies
Date of publication, distribution, etc 2024
270 ## - ADDRESS
Address 162, Jogabai Main Road, Jamia Nagar,
City New Delhi
Postal code 110025
300 ## - PHYSICAL DESCRIPTION
Extent 275p.
Dimensions 25cm(pb)
942 ## - ADDED ENTRY ELEMENTS (KOHA)
Source of classification or shelving scheme Dewey Decimal Classification
Item type English Books
Call number suffix RAM
Classification part 327.54051
Holdings
Withdrawn status Lost status Not for loan Collection code Home library Current library Date acquired Source of acquisition Cost, normal purchase price Full call number Barcode Copy number Cost, replacement price Koha item type
    Not For Loan Non-fiction D.B.Act.Division D.B.Act.Division 05/06/2026 Delivery of Books Act Division 450.00 RAM 327.54051 EN-132293 1 450.00 English Books

© Delhi Public Library
Hit Counter
free hit counter